000 00470nam a2200145 i 4500
001 41426
003 ES-MaACL
005 20230906160428.0
007 t|
008 030310s1921 fr ||||1| fre d
100 1 _aCastelnau
_cGénéral de.
_936609
245 1 2 _aL'institut catholique de Paris et la formation d'une élite intellectuelle et sociale /
_cGénéral de Castelnau.
260 _aPoitiers :
_b[s.n.,
_c1921] (
_fImp. Marc Tevier)
852 _aES-MaACL
_j1610-F-8
999 _c41426
_d41426